Language Basics: Portuguese (Brazilian) Quiz Stats

 Plays Quiz Updated Oct 21, 2016

Challenge
Share
Tweet
Embed
Score 0/55 Timer 08:00
1 Play Today
English Portuguese % Correct
Threetrês
88.7%
Oneum
83.2%
Sixseis
82.6%
Fivecinco
82.5%
HiOi
82.4%
Portuguese (the language)português
82.3%
Fourquatro
80.7%
Thanksobrigado / obrigada
78.9%
Twodois
77.8%
Sevensete
77.5%
Ninenove
77.3%
Nonão
77.1%
Yessim
75.8%
Greenverde
75.1%
Blueazul
74.1%
Sundaydomingo
73.9%
Biggrande
72.6%
Tendez
72.3%
Goodbom
72.2%
Pleasepor favor
72.1%
Eightoito
71.1%
Saturdaysábado
70.8%
Whypor que
68.1%
Mondaysegunda-feira
66.8%
Aprilabril
66.8%
How are you?Como vai?
66.6%
Whitebranco
65.8%
Whenquando
65%
English Portuguese % Correct
Fridaysexta-feira
64.7%
My name is…Meu nome é… / Eu me chamo...
64.5%
Tuesdayterça-feira
63.7%
Whoquem
63.7%
ByeTchau
63.6%
Wednesdayquarta-feira
63.6%
Januaryjaneiro
63.3%
Whereonde
63.2%
Thursdayquinta-feira
63.1%
Maymaio
62%
Smallpequeno
61.9%
Augustagosto
61.9%
Badmau
61.7%
Redvermelho
61.4%
Marchmarço
60.3%
Blackpreto
60%
I don't knowEu não sei
57%
Junejunho
55.8%
Julyjulho
55.7%
Novembernovembro
55.1%
I don't understandEu não entendo
53.8%
Septembersetembro
53.5%
Decemberdezembro
52%
Whato que
50.1%
Sorry!Desculpa!
48.9%
Februaryfevereiro
48.6%
Octoberoutubro
43.6%

You're not logged in!

Compare scores with friends on all Sporcle quizzes.
OR
Log In

You Might Also Like...

Show Comments

Extras

Top Quizzes Today


Score Distribution

Your Account Isn't Verified!

In order to create a playlist on Sporcle, you need to verify the email address you used during registration. Go to your Sporcle Settings to finish the process.

Report this User

Report this user for behavior that violates our Community Guidelines.

Details: